| 000 | 00428nam a2200169 a 4500 | ||
|---|---|---|---|
| 001 | 0000-9339 | ||
| 003 | ELIB.Books | ||
| 008 | 110520 1993 | ||
| 035 | _a(ELIB.Books)0000-9491 | ||
| 082 |
_a248.8 _bSen |
||
| 100 | _aSenter, Ruth | ||
| 245 | _aWhen You're on Your Own | ||
| 260 |
_bGrand Rapids: Campus Life Books _c1993 |
||
| 650 | _aChristian Life | ||
| 942 |
_2ddc _cBK |
||
| 998 |
_cbat _e2011-05-20 |
||
| 999 |
_c9339 _d9339 |
||